Eighteenth century comedy / (Record no. 19594)
[ view plain ]
| 000 -LEADER | |
|---|---|
| fixed length control field | 00914cam a2200313 a 4500 |
| 001 - CONTROL NUMBER | |
| control field | 19594 |
| 003 - CONTROL NUMBER IDENTIFIER | |
| rucl marc code | BD-RjUL |
| 005 - DATE AND TIME OF LATEST TRANSACTION | |
| control field | 20211209000443.0 |
| 008 - FIXED-LENGTH DATA ELEMENTS--GENERAL INFORMATION | |
| fixed length control field | 140225s1969 enkh b 000 0 eng |
| 020 ## - INTERNATIONAL STANDARD BOOK NUMBER | |
| International Standard Book Number | 0192810456 |
| 035 ## - SYSTEM CONTROL NUMBER | |
| System control number | (BD-RjUL)19654 |
| System control number | 1027789 |
| 040 ## - CATALOGING SOURCE | |
| Original cataloging agency | LC |
| Language of cataloging | eng |
| Transcribing agency | LC |
| Modifying agency | VMOU |
| -- | BD-RjUL |
| 041 ## - LANGUAGE CODE | |
| Language code of text/sound track or separate title | eng |
| 082 04 - DEWEY DECIMAL CLASSIFICATION NUMBER | |
| Classification number | 822.508 |
| Author mark and year | TAE 1969 |
| 245 10 - TITLE STATEMENT | |
| Title | Eighteenth century comedy / |
| Statement of responsibility, etc. | selected and introduced by W. D. Taylor. |
| 250 ## - EDITION STATEMENT | |
| Edition statement | [New ed.] |
| 260 ## - PUBLICATION, DISTRIBUTION, ETC. (IMPRINT) | |
| Place of publication, distribution, etc. | London; |
| -- | New York : |
| Name of publisher, distributor, etc. | Oxford U.P., |
| Date of publication, distribution, etc. | 1969. |
| 300 ## - PHYSICAL DESCRIPTION | |
| Pagination | xii, 370 p. : |
| Illustrations | 5 facsims. ; |
| Size | 21 cm. |
| 490 0# - SERIES STATEMENT | |
| Series statement | Oxford paperbacks, 181 |
| 504 ## - BIBLIOGRAPHY, ETC. NOTE | |
| Bibliography, etc | Bibliography: p. [369]-370. |
| 650 #0 - SUBJECT ADDED ENTRY--TOPICAL TERM | |
| Topical term or geographic name as entry element | English drama (Comedy) |
| 9 (RLIN) | 60194 |
| Topical term or geographic name as entry element | English drama |
| Chronological subdivision | 18th century. |
| 9 (RLIN) | 60195 |
| 700 1# - ADDED ENTRY--PERSONAL NAME | |
| Personal name | Trussler, Simon. |
| Personal name | Taylor, W. D. |
| 942 ## - ADDED ENTRY ELEMENTS (KOHA) | |
| Source of classification or shelving scheme | Dewey Decimal Classification |
| Koha item type | Books |
| Lost status | Source of classification or shelving scheme | Damaged status | Not for loan | Collection code | Permanent Location | Current Location | Shelving location | Date acquired | Source of acquisition | Cost, normal purchase price | Total Checkouts | Full call number | Date last seen | Copy number | Koha item type |
|---|---|---|---|---|---|---|---|---|---|---|---|---|---|---|---|
| Dewey Decimal Classification | Fiction | Central Library, University of Rajshahi | Central Library, University of Rajshahi | 08/10/1973 | Ideal library | 14.30 | 822.508 EIG 1969 | 25/02/2014 | C-4 | Books | |||||
| Dewey Decimal Classification | Fiction | Central Library, University of Rajshahi | Central Library, University of Rajshahi | 27/04/1974 | Oxford university Press | 18.00 | 822.508 EIG 1969 | 25/02/2014 | C-5 | Books | |||||
| Dewey Decimal Classification | Fiction | Central Library, University of Rajshahi | Central Library, University of Rajshahi | 27/04/1974 | Oxford university Press | 16.50 | 822.508 EIG 1969 | 25/02/2014 | C-6 | Books |